Statistics for Cartoon Versions of U.S. States

Click here to take the quiz!

General Stats

  • This quiz has been taken 7,697 times
  • The average score is 10 of 12

Answer Stats

Answer % Correct
Idaho
96%
Wyoming
91%
Louisiana
90%
Massachusetts
86%
Utah
85%
Kentucky
84%
New Jersey
82%
Minnesota
79%
New Hampshire
77%
Pennsylvania
74%
South Carolina
68%
Iowa
67%

Score Distribution

Percentile by Number Answered

Percent of People with Each Score

Your Score History

You have not taken this quiz